000 01776cam a2200541 a 4500
001 21055
003 VRT
005 20260211122009.0
008 240318s2013 xo c 000 j slo
015 _aSNBA2016/08
020 _a9788081030734
_q(viaz.)
035 _a94DAF576-0417-4584-82C5-ECED39EFD6C8
035 _aurn:nbn:sk:snk-amtgts
035 _aurn:nbn:sk:snk-am00bwlc
039 9 _a202403182159
_bVLOAD
_c201712151324
_dVLOAD
_c201608081134
_dcsnk08
_c201608051614
_dcsnk08
040 _aPOKPOH
_bslo
_cPOKPOHZ
_dSNK
_eAACR2
041 1 _aslo
_hger
044 _axo
_cSK
072 7 _a821.112.2-3
_xNemecká próza, nemecky písaná
_2konspekt
072 7 _a821-93
_xLiteratúra pre deti a mládež (beletria)
_2konspekt
080 _a821.112.2-32
_22011
080 _a82-93-053.2
_22011
100 1 _aGohl, Christiane,
_d1958-
_4aut
240 1 0 _aLea und die Pferde: Pferdefrühling
_lSlovensky
245 1 0 _aLea a kone
_n[2]
_pJar medzi koňmi
_cChristiane Gohl ; [z nemeckého originálu preložila Danka Banská]
246 3 0 _aJar medzi koňmi
250 _a1. vyd.
260 _aSenica
_bArkus
_c2013
300 _a125 s.
_c21 cm
500 _aPokračovanie knihy Šťastie pre koňa
655 7 _anemecké príbehy
_2SNKPH
655 7 _apublikácie pre deti
_2SNKPH
655 7 _aGerman stories
_2SNKPHeng
655 7 _aChildren's literature
_2SNKPHeng
700 1 _aBanská, Danka
_4trl
910 _apokpoh
910 _apppk
910 _avthk
910 _ahevk
910 _asllk
910 _attkjf
910 _askpk
910 _atotk
910 _asnk
942 _2ddc
_cKLDE
_n0
949 _617A1200067
_asnkSC 153407/2
_bsnk2016/18252
_o1655/16
_s6100:20160809
949 _617A1200068
_asnkSC 153407/2 D1
_bsnk2016/18253
_o1655/16
999 _c21055
_d21055